[Event "EU Union-ch U14"]
[Site "Kouty nad Desnou"]
[Date "2016.08.14"]
[Round "9"]
[White "Bandza, Rokas"]
[Black "Nesterov, Viktor"]
[Result "1-0"]
[WhiteElo "1395"]
[BlackElo "1392"]
[PlyCount "53"]
[EventDate "2016.08.06"]
[EventType "swiss"]
[EventRounds "9"]
[EventCountry "CZE"]
[SourceTitle "CBM 174 Extra"]
[Source "ChessBase"]
[SourceDate "2016.10.10"]
[SourceVersion "1"]
[SourceVersionDate "2016.10.10"]
[SourceQuality "1"]

1. e4 e5 2. Nf3 Nc6 3. Bb5 Nd4 4. Nxd4 exd4 5. 0-0 Qg5 6. Bc4 Nf6 7. d3 Qe5 8. c3 Bc5 9. cxd4 Bxd4 10. Qb3 0-0 11. Nd2 c6 12. Nf3 Qh5 13. Nxd4 b5 14. Nxb5 cxb5 15. Qxb5 Qg6 16. Qg5 d6 17. Qxg6 hxg6 18. Re1 a6 19. d4 Re8 20. e5 d5 21. Bb3 Bb7 22. Bd2 Nd7 23. Ba4 Bc8 24. Bc6 Ra7 25. Bxd5 Nb6 26. Bc6 Rd8 27. Ba5 1-0

[Event "EU Union-ch U14"]
[Site "Kouty nad Desnou"]
[Date "2016.08.12"]
[Round "7"]
[White "Ravlusevic, Evelina"]
[Black "Nesterov, Viktor"]
[Result "1-0"]
[WhiteElo "1471"]
[BlackElo "1392"]
[PlyCount "43"]
[EventDate "2016.08.06"]
[EventType "swiss"]
[EventRounds "9"]
[EventCountry "CZE"]
[SourceTitle "CBM 174 Extra"]
[Source "ChessBase"]
[SourceDate "2016.10.10"]
[SourceVersion "1"]
[SourceVersionDate "2016.10.10"]
[SourceQuality "1"]

1. d4 d5 2. Nf3 Nf6 3. c4 e6 4. Nc3 Bb4 5. Bf4 Ne4 6. Qb3 Nc6 7. e3 f6 8. cxd5 exd5 9. Bb5 Bxc3+ 10. bxc3 Bg4 11. c4 a5 12. cxd5 a4 13. Bxa4 Rxa4 14. Qxa4 Qxd5 15. Qb3 Qa5+ 16. Kf1 Bxf3 17. Qe6+ Ne7 18. gxf3 Qc3 19. Kg2 Nd2 20. Rac1 Qd3 21. Rxc7 Qa3 22. Rc8# 1-0

[Event "EU Union-ch U14"]
[Site "Kouty nad Desnou"]
[Date "2016.08.11"]
[Round "6"]
[White "Nesterov, Viktor"]
[Black "Nanovski, Stiliyan"]
[Result "0-1"]
[WhiteElo "1392"]
[BlackElo "1755"]
[PlyCount "50"]
[EventDate "2016.08.06"]
[EventType "swiss"]
[EventRounds "9"]
[EventCountry "CZE"]
[SourceTitle "CBM 174 Extra"]
[Source "ChessBase"]
[SourceDate "2016.10.10"]
[SourceVersion "1"]
[SourceVersionDate "2016.10.10"]
[SourceQuality "1"]

1. e4 c6 2. d4 d5 3. e5 Bf5 4. h4 h5 5. Bd3 Bxd3 6. Qxd3 e6 7. Bf4 Qa5+ 8. c3 Qa6 9. Qe3 Nd7 10. Ne2 c5 11. Nd2 Rc8 12. 0-0 Ne7 13. a3 Nf5 14. Qf3 Nxh4 15. Qh3 Nxg2 16. Rab1 Qxe2 17. Qxg2 Qg4 18. Bg3 cxd4 19. f3 Qg5 20. f4 Qg4 21. Nf3 dxc3 22. Rfc1 Bc5+ 23. Kf1 cxb2 24. Rxb2 Rb8 25. a4 Ba3 0-1